000 00413nam a22001577a 4500
999 _c11931
_d11931
008 210813b ||||| |||| 00| 0 eng d
020 _a9789350143841
082 _a621.4
_bSHA
100 _aSharma, P. C.
245 _aA textbook of power plant engineering
260 _aNew Delhi
_bS.K. Kataria & Sons
_c2019
300 _axii, 694p.
650 _aPower plant
650 _aNuclear power plants
942 _cBK